|
|
|
|
| LEADER |
00000nam0a2200000 4500 |
| 001 |
44641 |
| 005 |
20231031022554.0 |
| 035 |
|
|
|a (RuTPU)RU\TPU\book\46376
|
| 090 |
|
|
|a 44641
|
| 100 |
|
|
|a 20021125d2002 m y0rusy50 ca
|
| 101 |
0 |
|
|a rus
|
| 102 |
|
|
|a RU
|
| 105 |
|
|
|a y j 001zy
|
| 200 |
1 |
|
|a Социальная статистика
|e учебное пособие
|f О. С. Кексель
|g Томский политехнический университет
|
| 210 |
|
|
|a Томск
|c Изд-во ТПУ
|d 2002
|
| 215 |
|
|
|a 74 с.
|
| 320 |
|
|
|a Библиогр.: с. 74
|
| 610 |
1 |
|
|a статистика
|
| 610 |
1 |
|
|a социальная статистика
|
| 610 |
1 |
|
|a население
|
| 610 |
1 |
|
|a семья
|
| 610 |
1 |
|
|a уровень жизни
|
| 610 |
1 |
|
|a потребление
|
| 610 |
1 |
|
|a быт
|
| 610 |
1 |
|
|a жилищные условия
|
| 610 |
1 |
|
|a свободное время
|
| 610 |
1 |
|
|a занятость
|
| 610 |
1 |
|
|a безработица
|
| 610 |
1 |
|
|a санитарная статистика
|
| 610 |
1 |
|
|a образование
|
| 610 |
1 |
|
|a рекреация
|
| 610 |
1 |
|
|a досуг
|
| 610 |
1 |
|
|a моральная статистика
|
| 610 |
1 |
|
|a политическая жизнь
|
| 610 |
1 |
|
|a учебные пособия
|
| 686 |
|
|
|a С6я73
|v LBC/SL-A
|2 rubbk
|
| 700 |
|
1 |
|a Кексель
|b О. С.
|c специалист в области культурологии и социальной коммуникации
|c доцент Томского политехнического университета, кандидат философских наук
|f 1976-
|g Ольга Сергеевна
|2 stltpush
|3 (RuTPU)RU\TPU\pers\24731
|
| 712 |
0 |
2 |
|a Томский политехнический университет
|2 stltpush
|3 (RuTPU)RU\TPU\col\376
|
| 801 |
|
1 |
|a RU
|b 63413507
|c 20021125
|g PSBO
|
| 801 |
|
2 |
|a RU
|b 63413507
|c 20160215
|g PSBO
|
| 942 |
|
|
|c BK
|